| 000 | 00456nam a2200181Ia 4500 | ||
|---|---|---|---|
| 001 | 16198 | ||
| 005 | 20260306170252.0 | ||
| 008 | 260306t2002||||xx |||||||||||||| ||und|| | ||
| 041 | _aESP | ||
| 082 |
_a347.3 _bT75 |
||
| 100 |
_aTorres Vega, José Luis _eAUT |
||
| 245 | 0 | _aEmisión de obligaciones en el régimen legal del Perú | |
| 260 | _c2002 | ||
| 300 |
_a289 páginas : _c20 cm. |
||
| 650 | _aGEN | ||
| 654 | _aCDE | ||
| 942 |
_cLIB _dJUS _fJUS _2ddc _n |
||
| 999 |
_c16198 _d16198 |
||